| 000 | 00846nam a22002297a 4500 | ||
|---|---|---|---|
| 999 |
_c13170 _d13170 |
||
| 003 | MIRAKIL | ||
| 005 | 20190418115848.0 | ||
| 008 | 190418b tu ||||| |||| 00| 0 tur d | ||
| 020 | _a9786053328575 | ||
| 040 |
_aTR-AnCHP _cTR-AnCHP |
||
| 041 | _atur | ||
| 082 |
_a843.7 _bB24v 2016 |
||
| 100 | _aBalzac, Honoré de | ||
| 245 | 1 | 0 |
_aVadideki zambak / _cHonoré de Balzac ; Fransızca aslından çeviren: Volkan Yalçıntoklu |
| 260 |
_aİstanbul : _bTürkiye İş Bankası Kültür Yayınları, _c2016. |
||
| 300 |
_a319 s. ; _c22 sm. |
||
| 490 | 0 |
_aTürkiye İş Bankası Kültür Yayınları ; _aHasan Âli Yücel klasikler dizisi ; _vGenel yayın : 3641. _x294. |
|
| 500 | _aÖzgün yapıtadı: Les lys dans la vallêe. | ||
| 650 | 0 |
_95051 _aFransız Edebiyatı _xRoman |
|
| 700 |
_95634 _aYalçıntoklu, Volkan _eçev. |
||
| 942 |
_2ddc _cBKS |
||